000 01209cam a22003375i 4500
001 3904625
003 EG-ScBUE
005 20250427100052.0
008 910206s1991 nyua f b 001 0 eng d
020 _a0486667456
020 _a9780486667454
040 _aEG-ScBUE
_beng
_erda
_cEG-ScBUE
_dEG-ScBUE
082 0 4 _222
_a530.412
_bGRA
100 1 _aGraff, Karl F.,
_eauthor.
245 1 0 _aWave motion in elastic solids /
_cby Karl F. Graff.
250 _aFirst edition.
264 1 _aNew York :
_bDover Publications, Inc.,
_c1991.
300 _axv, 649 pages :
_billustrations ;
_c22 cm
336 _2rdacontent
_atext
_btxt
337 _aunmediated
_2rdamedia
_bn
338 _avolume
_bnc
_2rdacarrier
500 _aOriginally published: London : Oxford University Press, 1975.
500 _aIncludes Appendices.
504 _aIncludes bibliographical references and indexes.
650 7 _aSolids.
_2BUEsh
_94214
650 7 _aElastic waves.
_2BUEsh
655 _vReading book
856 4 2 _3Publisher description
_uhttp://www.loc.gov/catdir/description/dover033/91009350.html
856 4 1 _3Table of contents only
_uhttp://www.loc.gov/catdir/enhancements/fy1318/91009350-t.html
942 _2ddc
_cBB
999 _c26737
_d26709